=LDR 00000nam 2200000 4500 =001 INLIS000000000013337 =005 20220914010114 =035 ##$$a 0010-061300000013337 =008 220914################g##########0#ind## =041 ##$$a Ind =082 ##$$a 657.5 =090 ##$$a 657.5, Mar p =100 ##$$a Martono,Budi =245 1#$$a Penyusutan dan pengamanan arsip vital dalam manajemen kearsipan /$c Budi Martono =260 ##$$a Jakarta,$c 1997 =300 ##$$a 141 hlm, : $b ilus ; $c 21 cm =650 #4$$a Arsip dan kearsipan - manajemen =850 ##$$a NBPNMAT =084 ##$$a 657.5 MAR p =990 ##$$a 72.104/Pro. 94 =990 ##$$a 22242224 =990 ##$$a 20404901 =990 ##$$a 72.104/Pro. 94